000 00523nam a2200181 a 4500
001 000034502
005 20200930073733.0
008 111005s2007 ko ac 000 0 spa d
020 _a8992162022
040 _aDO-SdBNP
_bspa
_cBNPHU
100 1 _aChʻoe, Chun-sik.
_959946
245 1 0 _aUnderstanding Koreans and their culture /
_cChoi Joon-sik.
260 _aSeoul :
_bThe Korea Foundation,
_c2007.
300 _a232 p. :
_bil.,retrs. ;
_c21 cm.
490 1 _aKorea story
830 0 _aKorea story
_959947
049 _aBNPD
999 _c33993
_d33993